000 00195nam a2200085Ia 4500
008 170620s9999 xx 000 0 und d
100 _aBatra / Kalra
245 0 _aMercantial Law
260 _bTata Mc Graw Hill
260 _c1998
999 _c28371
_d28371